000 00362nam a22001217a 4500
003 SGT
082 _a347
_bYAD
100 _aYADAV ANURAG
245 _aCOMPARATIVE ANALYSIS OF ARBITRATION AND MEDIATION AS ALTERNATIVE DISPUTE RESOLUTION MECHANISMS IN INDIA A STUDY OF THEIR EFFECTIVENESS IN RESOLVING DISPUTES
260 _c2023
300 _a57
942 _2ddc
_cTH
999 _c34049
_d34049